00901 a2200337 4500650001500000260001000015630011500025650003100140100002200171260001100193245004900204300001100253650001500264650002000279650000800299650001200307650000800319260000900327300001000336100000700346037001000353037001000363037001000373037001100383037001000394037001000404250001500414020001800429999001700447952009900464 aHydrologie aParis a91 - Geographie. Exploration de la terre, des diverses regions, des divers pays. Voyages. Geographie regionale a9 - GEOGRAPHIE ET HISTOIRE aGuilcher, André bMasson aPrécis d'hydrologie marine et continentale a344 p. aHydrologie aOcéanographie aMer aOcéan aEau c1979 b25 cm lFr a14955 aS1564 aL8285 aL10949 aL4749 aL4750 a2è éd. a2-225-63680-X c35573d35573 00104070aBUACbBUACd2009-02-28l0o911.2:551.49 GUIr2009-02-28 00:00:00w2009-02-28yLIVR